Observaciones sobre la advertencia patriótica publicada bajo el nombre del Doctor Cañas. Corte de Guatemala octubre 22 de 1824. Presbitero Dr. Basilio Zeseña

Detalles Bibliográficos
Autor principal: Zeseña, Basilio
Otros Autores: Cañas, José Simeón, m. 1838
Formato: Libro
Lenguaje:Spanish
Publicado: Guatemala : por Beteta, 1824.
Materias:
Colección:Banco de datos
Acervo:Biblioteca Palafoxiana. Colección de Pliegos Sueltos
Descripción Física:13 p. ; 4°
Tema general:Política
LEADER 00696nam a22001930004500
035 |a 1892 
041 0 |a spa 
082 0 4 |a FR/PAFX/IMPS/C074/02203 
100 1 |a Zeseña, Basilio 
245 1 0 |a Observaciones sobre la advertencia patriótica publicada bajo el nombre del Doctor Cañas. Corte de Guatemala octubre 22 de 1824. Presbitero Dr. Basilio Zeseña 
260 |a Guatemala : por Beteta, 1824. 
300 |a 13 p. ; 4° 
610 1 4 |a Hispanoamérica - Historia - Guerras de Independencia, 1806-1830 
650 1 0 |a Política 
700 1 |a Cañas, José Simeón, m. 1838 
949 |a I02203 
942 |c PALAPLIE 
943 |g Biblioteca Palafoxiana. Colección de Pliegos Sueltos 
999 |c 1075182  |d 1075182